000
00230nam a2200097Ia 4500
008
170619s9999 xx 000 0 und d
100
_a
Ehrlich E
245
0
_a
Punctuation capitalization & .
260
_b
New Delhi: TMH
260
_c
1992
546
_a
ENGLISH
999
_c
16396
_d
16396